书目信息 |
| 题名: |
空间弦支轮辐式桁架结构分析与施工
|
|
| 作者: | 李纪明 编著 | |
| 分册: | ||
| 出版信息: | 北京 中国建筑工业出版社 2024.09 |
|
| 页数: | X, 157页 | |
| 开本: | 26cm | |
| 丛书名: | 陕西省建科院科技成果书系 | |
| 单 册: | ||
| 中图分类: | TU323.4 | |
| 科图分类: | ||
| 主题词: | 桁架--heng jia--空间结构--结构分析--建筑施工 | |
| 电子资源: | ||
| ISBN: | 978-7-112-30446-2 | |
| 000 | 01264nam 2200289 450 | |
| 001 | 90274 | |
| 005 | 20250815154246.92 | |
| 010 | @a978-7-112-30446-2@dCNY58.00 | |
| 100 | @a20241029d2024 em y0chiy50 ea | |
| 101 | 0 | @achi |
| 102 | @aCN@b110000 | |
| 105 | @aa a 000yy | |
| 106 | @ar | |
| 200 | 1 | @a空间弦支轮辐式桁架结构分析与施工@Akong jian xian zhi lun fu shi heng jia jie gou fen xi yu shi gong@f李纪明 ... [等] 编著 |
| 210 | @a北京@c中国建筑工业出版社@d2024.09 | |
| 215 | @aX, 157页@c图@d26cm | |
| 225 | 2 | @a陕西省建科院科技成果书系@Ashan xi sheng jian ke yuan ke ji cheng guo shu xi |
| 300 | @a陕西建科 | |
| 304 | @a题名页题其余责任者: 周春娟, 柳明亮, 吴金志, 惠存, 郭朋岗等 | |
| 320 | @a有书目 (第153-157页) | |
| 330 | @a本书以西北大学长安校区体育馆工程为背景, 分析该新型结构体系的静动力性能、稳定性能、倒塌性能、建造技术、监测技术、索力识别技术等, 用实践证明了该体系的可行性和优越性。随着超大跨度及重屋面空间结构的发展需求, 大跨空间弦支轮辐式桁架结构因自身的优越性将表现出更广阔的发展空间。 | |
| 410 | 0 | @12001 @a陕西省建科院科技成果书系 |
| 606 | 0 | @a桁架@Aheng jia@x空间结构@x结构分析@x建筑施工 |
| 690 | @aTU323.4@v5 | |
| 701 | 0 | @a李纪明@Ali ji ming@4编著 |
| 801 | 0 | @aCN@c20250909 |
| 905 | @a河南城建学院图书馆@dTU323.4@eL184@f1 | |
| 空间弦支轮辐式桁架结构分析与施工/李纪明 ... [等] 编著.-北京:中国建筑工业出版社,2024.09 |
| X, 157页:图;26cm.-(陕西省建科院科技成果书系) |
| 陕西建科 |
| ISBN 978-7-112-30446-2:CNY58.00 |
| 本书以西北大学长安校区体育馆工程为背景, 分析该新型结构体系的静动力性能、稳定性能、倒塌性能、建造技术、监测技术、索力识别技术等, 用实践证明了该体系的可行性和优越性。随着超大跨度及重屋面空间结构的发展需求, 大跨空间弦支轮辐式桁架结构因自身的优越性将表现出更广阔的发展空间。 |
| ● |
| 相关链接 |
|
|
|
正题名:空间弦支轮辐式桁架结构分析与施工
索取号:TU323.4/L184
 
预约/预借
| 序号 | 登录号 | 条形码 | 馆藏地/架位号 | 状态 | 备注 |
| 1 | 1624236 | 216242368 | 建筑库101/101建筑库 81排4列1层/ [索取号:TU323.4/L184] | 在馆 |